Peces de los andes de Colombia (Registro nro. 5220)

Detalles MARC
000 -CABECERA
Campo de control 00609nam a2200205 a 4500
005 - FECHA Y HORA DE LA ULTIMA TRANSACCION
Campo de control 20180312141441.0
008 - ELEMENTOS DE LONGITUD FIJA—INFORMACION GENERAL
Campo de control 140127b2005 ck ||||| |||| 00| 0 spa d
040 ## - FUENTE DE CATALOGACIÓN
Agencia catalogadora original CO-BoIAVH
Agencia transcriptora CO-BoIAVH
041 ## - IDIOMA
Código de idioma para texto/pista de sonido o título separado Español
044 ## - PAÍS DE PUBLICACIÓN
País de publicación Colombia
090 ## - CLASIFICACIÓN LOCAL
Colección IAVH
Consecutivo 0068
100 ## - ASIENTO PRINCIPAL--NOMBRE PERSONAL
Nombre personal Maldonado Ocampo, Javier Alejandro
9 (RLIN) 90415
245 ## - MENCION DE TITULO
Título Peces de los andes de Colombia
260 ## - PUBLICACION, DISTRIBUCION, ETC. (PIE DE IMPRENTA)
Lugar de publicación, distribución, etc. Bogotá
Nombre del editor, distribuidor, etc. Instituto de Investigación de Recursos Biológicos Alexander von Humboldt
Fecha de publicación, distribución, etc. 2005
300 ## - DESCRIPCION FISICA
Extensión Plegable
650 14 - ASIENTO SECUNDARIO DE MATERIA - TERMINO TEMATICO
Término temático o nombre geográfico como elemento de entrada Peces
Subdivisión general Descripción
9 (RLIN) 90416
650 14 - ASIENTO SECUNDARIO DE MATERIA - TERMINO TEMATICO
Término temático o nombre geográfico como elemento de entrada Fotografias
9 (RLIN) 90417
942 ## - ELEMENTOS ADICIONALES (KOHA)
Tipo de ítem Folleto
Sistema de clasificación Local
Koha issues (borrowed), all copies 2
945 ## - PROCESAMIENTO LOCAL
AAAA-MM-DD - Fecha de ingreso o modificacion 2006-02-07
Existencias
Withdrawn status Lost status Sistema de Clasificación Damaged status No para préstamo Colección Inventariado Ubicación Permanente Ubicación actual Fecha de adquisición Fuente de Valor Valor Total Checkouts Número topográfico Inventario / Código de Barras Date last seen Ejemplar Price effective from Forma de adquisición Tipo de material Public note Date checked out
    Local     Humboldt Inventariado 2017 Bogotá Bogotá 07/02/2006       FH-0068 023071 04/12/2012 Ej. 1 04/12/2012 Institucional Folleto Anexos Peces de los Andes de Colombia  
    Local     Humboldt Inventariado 2017 Bogotá Bogotá 07/02/2006     2 FH-0068 023072 25/09/2014 Ej. 2 04/12/2012 Institucional Folleto Anexos Peces de los Andes de Colombia 25/09/2014
    Local     Hemeroteca   Bogotá Bogotá 12/03/2018     1 FH-0068 043215 10/09/2018 Ej. 3 12/03/2018 Institucional Folleto Anexos Peces de los Andes de Colombia 10/09/2018
    Local     Humboldt Inventariado 2017 Villa de Leyva Villa de Leyva 07/02/2006 Instituto 40000.00   IAVH-00526 023068 04/12/2012 Ej. 1 04/12/2012 Institucional Libro    
    Local     Humboldt Inventariado 2017 Villa de Leyva Villa de Leyva 07/02/2006 Instituto 40000.00   IAVH-00526 023069 04/12/2012 Ej. 2 04/12/2012 Institucional Libro    
    Local     Humboldt Inventariado 2017 Villa de Leyva Villa de Leyva 07/02/2006 Instituto 40000.00   IAVH-00526 023070 04/12/2012 Ej. 3 04/12/2012 Institucional Libro